|
|
|
|
| LEADER |
00000nam0a2200000 4500 |
| 001 |
223822 |
| 005 |
20231101230542.0 |
| 020 |
|
|
|a RU
|b 89-61532
|
| 035 |
|
|
|a (RuTPU)RU\TPU\book\244091
|
| 090 |
|
|
|a 223822
|
| 100 |
|
|
|a 20121016d1989 k y0rusy5003 ca
|
| 101 |
0 |
|
|a rus
|
| 102 |
|
|
|a UA
|
| 105 |
|
|
|a a z 001zy
|
| 200 |
1 |
|
|a Основы построения гибких измерительных систем для автоматизации метрологических исследований
|e сборник научных трудов
|f Всесоюзный научно-исследовательский институт метрологии измерительных и управляющих систем (ВНИИМИУС) ; под ред. Г. В. Кучерова
|
| 210 |
|
|
|a Львов
|c ВНИИМИУС
|d 1989
|
| 215 |
|
|
|a 91 с.
|c ил.
|d 21 см
|
| 320 |
|
|
|a Библиогр. в конце статей
|
| 606 |
1 |
|
|a Технические измерения
|2 stltpush
|3 (RuTPU)RU\TPU\subj\60062
|9 77552
|
| 610 |
1 |
|
|a контрольно-измерительные инструменты
|
| 610 |
1 |
|
|a контрольно-измерительные приборы
|
| 610 |
1 |
|
|a проектирование
|
| 610 |
1 |
|
|a автоматические приборы
|
| 610 |
1 |
|
|a измерительные системы
|
| 610 |
1 |
|
|a построение
|
| 610 |
1 |
|
|a метрологические исследования
|
| 610 |
1 |
|
|a автоматизация
|
| 675 |
|
|
|a 621:53.08
|z rus
|v 3
|
| 702 |
|
1 |
|a Кучеров
|b Г. В.
|4 340
|
| 712 |
0 |
2 |
|a Всесоюзный научно-исследовательский институт метрологии измерительных и управляющих систем (ВНИИМИУС)
|c (Львов)
|2 stltpush
|3 (RuTPU)RU\TPU\col\13848
|
| 801 |
|
0 |
|a RU
|b RuMRKP
|c 19960704
|g psbo
|
| 801 |
|
1 |
|a RU
|b 63413507
|c 20121016
|
| 801 |
|
2 |
|a RU
|b 63413507
|c 20131007
|g RCR
|
| 942 |
|
|
|c BK
|